Kouzelní poníci. Velké přání /
Druhá část série ze světa kouzelných poníků přináší příběh holčičky Marcie a poníka Oriona. Pro mladší dívky.
Uloženo v:
| Série: | Kouzelní poníci,
část 2 |
|---|---|
| Hlavní autor: | |
| Další autoři: | , |
| Médium: | E-kniha |
| Jazyk: | Czech |
| Vydáno: |
Praha :
Fragment,
2018
|
| Vydání: | 1. vydání |
| Témata: | |
| Příbuzné jednotky: | Z cyklu::
Kouzelní poníci |
| Tagy: |
Žádné tagy |
| LEADER | 02592nam a2200505 i 4500 | ||
|---|---|---|---|
| 001 | 310947 | ||
| 003 | CZ PrSKC | ||
| 005 | 20260601215657.0 | ||
| 007 | ta | ||
| 008 | 180830s2018 xr a b 000 j cze | ||
| 015 | |a cnb003022935 | ||
| 020 | |a 9788025337875 |q (vázáno) : |c Kč 149,00 | ||
| 035 | |a (OCoLC)1056247846 | ||
| 040 | |a OLA001 |b cze |e rda | ||
| 041 | 1 | |a cze |h eng | |
| 072 | 7 | |a 821.111-3 |x Anglická próza, anglicky psaná |2 Konspekt | |
| 072 | 7 | |a 821-93 |x Literatura pro děti a mládež (beletrie) |2 Konspekt | |
| 080 | |a 821.111-32 |2 MRF | ||
| 080 | |a 821-93 |2 MRF | ||
| 080 | |a (0:82-32) |2 MRF | ||
| 100 | 1 | |a Bentley, Sue, |d 1951- |7 jo2008479178 |4 aut | |
| 240 | 1 | 0 | |a Special wish. |l Česky |
| 245 | 1 | 0 | |a Kouzelní poníci. |p Velké přání / |c Sue Bentleyová ; ilustrovala Angela Swanová ; z anglického originálu Magic ponies: Special wish přeložila Žofie Lopatová |
| 246 | 3 | 0 | |a Velké přání |
| 250 | |a 1. vydání | ||
| 264 | 1 | |a Praha : |b Fragment, |c 2018 | |
| 300 | |a 118 stran : |b ilustrace ; |c 20 cm | ||
| 336 | |a text |b txt |2 rdacontent | ||
| 337 | |a bez média |b n |2 rdamedia | ||
| 338 | |a svazek |b nc |2 rdacarrier | ||
| 520 | 2 | |a Druhá část série ze světa kouzelných poníků přináší příběh holčičky Marcie a poníka Oriona. Pro mladší dívky. |b Marcie si ze všeho nejvíc přeje mít svého vlastního poníka. Jaká je její radost, když se jednoho dne v ohradě objeví krásný Connemarský ponny Orion. Marcie zjistí, že je poník kouzelný, umí mluvit, prohánět se v oblacích. Vidět ho však může jen ona a Oriona čeká v našem světě těžký úkol - najít své dvojče, kobylku Destiny. | |
| 521 | 8 | |a Pro děti od 5 let | |
| 655 | 7 | |a anglické příběhy |7 fd131813 |2 czenas | |
| 655 | 7 | |a publikace pro děti |7 fd133156 |2 czenas | |
| 655 | 9 | |a English stories |2 eczenas | |
| 655 | 9 | |a children's literature |2 eczenas | |
| 700 | 1 | |a Swan, Angela, |d 1982- |7 ola2018992819 |4 ill | |
| 700 | 1 | |a Lopatová, Žofie |7 mzk2016913800 |4 trl | |
| 787 | 0 | 8 | |i Z cyklu: |t Kouzelní poníci |g 2 |
| 900 | |a ABA001 |b 21 | ||
| 928 | 9 | |a Albatros Media - Fragment | |
| 044 | |a xr | ||
| 910 | |a RBIT002 | ||
| 998 | |d 179459 |a https://core.palmknihy.cz/api/books/179459/cover?pg4a0d |b https://core.palmknihy.cz/api/books/179459/cover/400?pg4a0d |c https://core.palmknihy.cz/api/books/179459/cover/50?pg4a0d |e 2027-06-22 |g 120 |i 9788025337875 |j https://core.palmknihy.cz/api/books/179459/preview.epub |k https://core.palmknihy.cz/api/books/179459/preview.pdf |l |q 49 |r 1 |s https://www.palmknihy.cz/kniha/179459 |t ebook |y 2018 |z 0 |v Kouzelní poníci |w 2 | ||
| 999 | |d 310945 | ||